LEADER 03411oas 2201045 a 450 001 9910141544603321 005 20260218111751.0 011 $a1939-7445 035 $a(DE-599)ZDB2030290-3 035 $a(OCoLC)51465606 035 $a(CONSER) 2007212307 035 $a(CKB)110975506071047 035 $a(DE-599)2030290-3 035 $a(EXLCZ)99110975506071047 100 $a20030117a19869999 sy a 101 0 $aeng 135 $aurmnu|||||||| 181 $ctxt$2rdacontent 182 $cc$2rdamedia 183 $acr$2rdacarrier 200 10$aNatural resource modeling 210 $a[Tempe, AZ] $cRocky Mountain Mathematics Consortium 210 2 $a[New York?] $cWiley-Blackwell 210 3 $a[Hoboken, N.J.?] $cWiley Periodicals, Inc 215 $a1 online resource 300 $aRefereed/Peer-reviewed 311 08$aPrint version: Natural resource modeling (DLC)sf 93093538 (OCoLC)14404446 0890-8575 606 $aNatural resources$xManagement$xMathematical models$vPeriodicals 606 $aEnvironmental policy$xMathematical models$vPeriodicals 606 $aEcology$xMathematical models$vPeriodicals 606 $aConservation of natural resources$xMathematical models$vPeriodicals 606 $aRessources naturelles$xGestion$xMode?les mathe?matiques$vPe?riodiques 606 $aEnvironnement$xPolitique gouvernementale$xMode?les mathe?matiques$vPe?riodiques 606 $aConservation of natural resources$xMathematical models$2fast$3(OCoLC)fst00875529 606 $aEcology$xMathematical models$2fast$3(OCoLC)fst00901509 606 $aEnvironmental policy$xMathematical models$2fast$3(OCoLC)fst00913288 606 $aNatural resources$xManagement$xMathematical models$2fast$3(OCoLC)fst01034452 608 $aPeriodicals.$2fast 608 $aPeriodicals.$2lcgft 615 0$aNatural resources$xManagement$xMathematical models 615 0$aEnvironmental policy$xMathematical models 615 0$aEcology$xMathematical models 615 0$aConservation of natural resources$xMathematical models 615 6$aRessources naturelles$xGestion$xMode?les mathe?matiques 615 6$aEnvironnement$xPolitique gouvernementale$xMode?les mathe?matiques 615 7$aConservation of natural resources$xMathematical models. 615 7$aEcology$xMathematical models. 615 7$aEnvironmental policy$xMathematical models. 615 7$aNatural resources$xManagement$xMathematical models. 676 $a510 712 02$aRocky Mountain Mathematics Consortium, 712 02$aResource Modeling Association, 801 0$bWYU 801 1$bWYU 801 2$bOCLCQ 801 2$bNSD 801 2$bEEM 801 2$bOCLCS 801 2$bOCLCQ 801 2$bHEBIS 801 2$bDEBBG 801 2$bBUF 801 2$bUBY 801 2$bZ5A 801 2$bOCLCQ 801 2$bVRC 801 2$bOCLCQ 801 2$bDLC 801 2$bOCLCF 801 2$bCOO 801 2$bOCLCO 801 2$bOCLCQ 801 2$bNLE 801 2$bOCLCQ 801 2$bUKMGB 801 2$bOCLCQ 801 2$bVT2 801 2$bNJT 801 2$bOCLCQ 801 2$bUAB 801 2$bUBY 801 2$bU3W 801 2$bOCLCQ 801 2$bUEJ 801 2$bOCLCL 801 2$bOCLCQ 906 $aJOURNAL 912 $a9910141544603321 996 $aNatural resource modeling$9976696 997 $aUNINA